The Naval annual / (Record no. 1531)

MARC details
000 -LEADER
campo de control de longitud fija 00943nas a2200301 i 4500
001 - NÚMERO DE CONTROL
campo de control 1531
003 - IDENTIFICADOR DE NÚMERO DE CONTROL
campo de control ES-MaACL
005 - FECHA Y HORA DE LA ÚLTIMA TRANSACCIÓN
campo de control 20250812074041.0
008 - DATOS DE LONGITUD FIJA--INFORMACIÓN GENERAL
campo de control de longitud fija 950801d1891 xxka| p | 1 ||ng d
080 ## - NÚMERO DE LA CLASIFICACIÓN DECIMAL UNIVERSAL
Número de la Clasificación Decimal Universal 058
245 04 - MENCIÓN DEL TÍTULO
Título The Naval annual /
Mención de responsabilidad, etc. ed. by. T.A. Brassey.
260 ## - PUBLICACIÓN, DISTRIBUCIÓN, ETC.
Lugar de publicación, distribución, etc. [London :
Nombre del editor, distribuidor, etc. William Clowes and Sons],
Fecha de publicación, distribución, etc. 1891-
300 ## - DESCRIPCIÓN FÍSICA
Extensión 31 v. ;
Dimensiones 35 cm.
310 ## - PERIODICIDAD ACTUAL
Periodicidad actual Anual
362 0# - FECHAS DE PUBLICACIÓN Y/O DESIGNACIÓN SECUENCIAL
Fecha de publicación y/o designación secuencial 1891-
500 ## - NOTA GENERAL
Nota general A partir de 1925 consta el año de publicación de la revista.
650 #7 - PUNTO DE ACCESO ADICIONAL DE MATERIA--TÉRMINO DE MATERIA
Término de materia o nombre geográfico como elemento de entrada Arte y ciencia militar
Fuente del encabezamiento o término embne
9 (RLIN) 135619
655 #7 - TERMINO DE INDIZACIÓN--GENERO/FORMA
Fuente del término tgfbne
9 (RLIN) 226822
Datos o término principal de género/forma Anuarios
700 1# - ENTRADA AGREGADA--NOMBRE PERSONAL
Nombre de persona Hythe, Viscount.
9 (RLIN) 64893
700 1# - ENTRADA AGREGADA--NOMBRE PERSONAL
Nombre de persona Richardson, Alexander,
9 (RLIN) 194228
700 1# - ENTRADA AGREGADA--NOMBRE PERSONAL
Nombre de persona Hurd, Archibald.
9 (RLIN) 64759
700 1# - ENTRADA AGREGADA--NOMBRE PERSONAL
Nombre de persona Brassey, Thomas (
Fechas asociadas al nombre 1863-1919)
9 (RLIN) 170843
785 00 - ENTRADA/ENLACE A UN TÍTULO POSTERIOR
Encabezamiento principal Brassey's naval and shipping annual
Lugar, editor y fecha de publicación 1920
852 ## - LOCALIZACIÓN
Ubicación ES-MaACL
Número de control de estantería Hem-199
866 #0 - MENCIÓN TEXTUAL DE FONDOS--UNIDAD BIBLIOGRÁFICA BÁSICA
Fondos 1891-98,1900-16,1919-23,1925,1927.
942 ## - ELEMENTOS DE ENTRADA SECUNDARIOS (KOHA)
Fuente del sistema de clasificación o colocación Clasificación decimal universal
Holdings
Estatus retirado Estado de pérdida Estado de daño No para préstamo Colección Biblioteca de origen Biblioteca actual Ubicación en estantería Fecha de adquisición Fuente de adquisición Total de préstamos Signatura topográfica completa Código de barras Visto por última vez Precio de reemplazo Tipo de ítem Koha
        Periódicos y Revistas Biblioteca del Ateneo de Madrid Biblioteca del Ateneo de Madrid Depósito 1 17/01/2008     Hem-199 1001563 23/02/2023 23/02/2023 Revista